1525 1306 1558 1018 1075 1461 1521 1903 1364 1434 1871 1555 1860 1462 1626 1617 1081 1859 1076 1277 1819 1246 1990 1406 1550 1956 1784 1890 1982 1074 1525 1758 1613 1245 1494 1842 1261 1653 1237 1606 1899 1209 1071 1326 1450 1660 1090 1582 1034 1393 1351 1843 1323 1864 1555 1349 1030 1136 1657 1154 1862 1082 1232 1656 1492 1797 1283 1456 1135 1167 1790 1144 1074 1922 1744 1838 1891 1558 1585 1391 1262 1921 1828 1151 1697 1653 1836 1305 1079 1641 1304 1428 1399 1318 1200 1061 1897 1007 1358 BCNSPRNW ULIB Ver.6.0+V

เปลี่ยนเป็นภาษาไทย

Change to English
 แสดงรายละเอียดบรรณานุกรม
  กลับหน้าหลัก

Brief Record : Get Marc (ISO 2709) : E-mail record : QR code < ปิดหน้าต่าง
LEADER : 00000nam 2200000uu 4500
001    13399124556
003     ULIB
008    150920s2558||||th 000 0 tha d
020    ^a9789746729314
060 04 ^aWY157^bน419ก
100 0  ^aนันทพร แสนศิริพันธ์
245 00 ^aการพยาบาลในระยะคลอด : แนวคิด ทฤษฎี สู่การปฏิบัติ /^cนันทพร แสนศิริพันธ์
250    ^aพิมพ์ครั้งที่ 1 ( ราคา 290 บาท )
260    ^aเชียงใหม่ :^bโครงการตำรา คณะพยาบาลศาสตร์ มหาวิทยาลัยเชียงใหม่,^c2558
300    ^a293 หน้า :^bภาพประกอบ ; ตาราง ;^c26 ซม.
505 0  ^aบทที่ 1 การคลอด
505 0  ^aบทที่ 2 การเปลี่ยนแปลงทางสรีรวิทยาในระยะคลอด
505 0  ^aบทที่ 3 การเปลี่ยนแปลงด้านจิตสังคมและพฤติกรรมการเผชิญภาวะเครียดในระยะคลอด
505 0  ^aบทที่ 4 ความเจ็บปวดในระยะคลอดและการจัดการความเจ็บปวด
505 0  ^aบทที่ 5 กลไกการคลอดปกติ
505 0  ^aบทที่ 6 การพยาบาลผู้คลอดในระยะที่หนึ่งของการคลอด
505 0  ^aบทที่ 7 การพยาบาลผู้คลอดในระยะที่สองของการคลอด
505 0  ^aบทที่ 8 การทำคลอด
505 0  ^aบทที่ 9 การพยาบาลผู้คลอดในระยะที่สามและระยะที่สี่ของการคลอด
505 0  ^aบทที่ 10 การพยาบาลทารกแรกเกิดปกติในระยะแรกหลังคลอด
650  7 ^aการพยาบาลในระยะคลอด
650  7 ^aการพยาบาลสูติศาสตร์
700 0  ^aสุกัญญา ปริสัญญกุล
945    ^p290^l0^i23150
945    ^p290^l0^i23149
945    ^p290^l0^i23148
945    ^p290^l0^i23147
945    ^p290^l0^i23146
945    ^p290^l0^i23145
945    ^p290^l0^i23144
945    ^p290^l0^i23143
945    ^p290^l0^i23142
945    ^p290^l0^i23141
999    ^aทศพร เกษรทอง
รายการนี้ยังไม่มีแท็ก
คุณยังไม่ได้ล็อกอิน คุณสามารถมีกิจกรรมร่วมกับเว็บไซต์ได้ แต่ต้องล็อกอินก่อน ::
  ล็อกอิน

รายการสื่อสารสนเทศ

ลำดับที่ ประเภท เลขเรียก/บาร์โค้ด สถานที่ สถานะ
1. Book การพยาบาล
หนังสือสำรอง
สถานะ=หนังสือสำรอง
WY157 น419ก ฉ.1 
  Barcode: 23141
ห้องสมุดวิทยาเขตนครสวรรค์
►ส่วนจัดเก็บหนังสือเก่า นว.
บนชั้น
  ขอยืม
2. Book การพยาบาล
Book การพยาบาล
WY157 น419ก ฉ.10 
  Barcode: 23150
ห้องสมุดวิทยาเขตนครสวรรค์
►ส่วนจัดเก็บหนังสือเก่า นว.
บนชั้น
  ขอยืม
3. Book การพยาบาล
Book การพยาบาล
WY157 น419ก ฉ.2 
  Barcode: 23142
ห้องสมุดวิทยาเขตนครสวรรค์
►ส่วนจัดเก็บหนังสือเก่า นว.
บนชั้น
  ขอยืม
4. Book การพยาบาล
Book การพยาบาล
WY157 น419ก ฉ.3 
  Barcode: 23143
ห้องสมุดวิทยาเขตนครสวรรค์
►ส่วนจัดเก็บหนังสือเก่า นว.
บนชั้น
  ขอยืม
5. Book การพยาบาล
Book การพยาบาล
WY157 น419ก ฉ.4 
  Barcode: 23144
ห้องสมุดวิทยาเขตนครสวรรค์
►ส่วนจัดเก็บหนังสือเก่า นว.
บนชั้น
  ขอยืม
6. Book การพยาบาล
Book การพยาบาล
WY157 น419ก ฉ.5 
  Barcode: 23145
ห้องสมุดวิทยาเขตนครสวรรค์
►ส่วนจัดเก็บหนังสือเก่า นว.
บนชั้น
  ขอยืม
7. Book การพยาบาล
Book การพยาบาล
WY157 น419ก ฉ.6 
  Barcode: 23146
ห้องสมุดวิทยาเขตนครสวรรค์
►ส่วนจัดเก็บหนังสือเก่า นว.
บนชั้น
  ขอยืม
8. Book การพยาบาล
Book การพยาบาล
WY157 น419ก ฉ.7 
  Barcode: 23147
ห้องสมุดวิทยาเขตนครสวรรค์
►ส่วนจัดเก็บหนังสือเก่า นว.
บนชั้น
  ขอยืม
9. Book การพยาบาล
Book การพยาบาล
WY157 น419ก ฉ.8 
  Barcode: 23148
ห้องสมุดวิทยาเขตนครสวรรค์
►ส่วนจัดเก็บหนังสือเก่า นว.
บนชั้น
  ขอยืม
10. Book การพยาบาล
Book การพยาบาล
WY157 น419ก ฉ.9 
  Barcode: 23149
ห้องสมุดวิทยาเขตนครสวรรค์
►ส่วนจัดเก็บหนังสือเก่า นว.
บนชั้น
  ขอยืม

รายการใกล้เคียง
    ผู้แต่ง [นันทพร แสนศิริพันธ์]

    หัวเรื่อง [การพยาบาลในระยะคลอด]
    หัวเรื่อง [การพยาบาลสูติศาสตร์]

BibComment


ยังไม่เคยถูกคอมเมนท์

คอมเมนท์ทรัพยากรรายการนี้
  คอมเมนท์: การพยาบาลในระยะค..


 Copyright 2026. Bcnsprnw @Library